<?xml version="1.0" encoding="UTF-8"?><?xml-stylesheet type="text/xsl" href="static/style.xsl"?><OAI-PMH xmlns="http://www.openarchives.org/OAI/2.0/" xmlns:xsi="http://www.w3.org/2001/XMLSchema-instance" xsi:schemaLocation="http://www.openarchives.org/OAI/2.0/ http://www.openarchives.org/OAI/2.0/OAI-PMH.xsd"><responseDate>2026-06-01T09:09:47Z</responseDate><request verb="GetRecord" identifier="oai:riuma.uma.es:10630/29234" metadataPrefix="marc">https://riuma.uma.es/rest/oai/request</request><GetRecord><record><header><identifier>oai:riuma.uma.es:10630/29234</identifier><datestamp>2026-02-03T11:12:26Z</datestamp><setSpec>com_10630_2254</setSpec><setSpec>col_10630_37953</setSpec></header><metadata><record xmlns="http://www.loc.gov/MARC21/slim" xmlns:dcterms="http://purl.org/dc/terms/" xmlns:doc="http://www.lyncode.com/xoai" xmlns:xsi="http://www.w3.org/2001/XMLSchema-instance" xsi:schemaLocation="http://www.loc.gov/MARC21/slim http://www.loc.gov/standards/marcxml/schema/MARC21slim.xsd">
   <leader>00925njm 22002777a 4500</leader>
   <datafield ind2=" " ind1=" " tag="042">
      <subfield code="a">dc</subfield>
   </datafield>
   <datafield ind2=" " ind1=" " tag="720">
      <subfield code="a">Palma-García, María de las Olas</subfield>
      <subfield code="e">author</subfield>
   </datafield>
   <datafield ind2=" " ind1=" " tag="720">
      <subfield code="a">Ruiz-Mosquera, Ana Cristina</subfield>
      <subfield code="e">author</subfield>
   </datafield>
   <datafield ind2=" " ind1=" " tag="720">
      <subfield code="a">Vives, Cecilia</subfield>
      <subfield code="e">author</subfield>
   </datafield>
   <datafield ind2=" " ind1=" " tag="260">
      <subfield code="c">2019</subfield>
   </datafield>
   <datafield ind2=" " ind1=" " tag="520">
      <subfield code="a">El fenómeno migratorio de los menores extranjeros no acompañados y su tránsito a la vida adulta en los países de acogida sigue siendo un reto para las sociedades europeas en general y para la española en particular. Se trata de un actor migratorio heterogéneo que hace complejo su estudio y tratamiento analítico. En este artículo se investiga sobre ello explorando las circunstancias relacionadas presentes en el proceso de tutela de los menores extranjeros no acompañados que llegan a España, y su acceso al mercado de trabajo cuando alcanzan la mayoría de edad. Con un diseño de metodología mixta se analizan fuentes secundarias que identifican lagunas existentes en su paso a la mayoría de edad. Se concluye con la propuesta de que los jóvenes inmigrantes extutelados conformen una categoría analítica propia para las políticas sociales que permitan orientar y desarrollar estrategias y programas específicos para la cobertura total a sus necesidades.</subfield>
   </datafield>
   <datafield ind1="8" ind2=" " tag="024">
      <subfield code="a">Palma-García, M., Ruiz Mosquera, C., &amp; Vives, C. (2019). Jóvenes inmigrantes extutelados. El tránsito a la vida adulta de los menores extranjeros no acompañados en el caso español. EHQUIDAD. Revista Internacional de Políticas de Bienestar y Trabajo Social, (12), 31-52.</subfield>
   </datafield>
   <datafield ind1="8" ind2=" " tag="024">
      <subfield code="a">https://hdl.handle.net/10630/29234</subfield>
   </datafield>
   <datafield ind1="8" ind2=" " tag="024">
      <subfield code="a">https://doi.org/10.15257/ehquidad.2019.0009</subfield>
   </datafield>
   <datafield tag="653" ind2=" " ind1=" ">
      <subfield code="a">Exclusión Social</subfield>
   </datafield>
   <datafield ind2="0" ind1="0" tag="245">
      <subfield code="a">Jóvenes inmigrantes extutelados. El tránsito a la vida adulta de los menores extranjeros no acompañados en el caso español</subfield>
   </datafield>
</record>
</metadata></record></GetRecord></OAI-PMH>